[Event "Llinars del Valles op 1st"]
[Site "Llinars del Valles"]
[Date "2021.06.27"]
[Round "3"]
[White "Ribera Caro, Joan"]
[Black "Barat Serna, Judit"]
[Result "1-0"]
[WhiteElo "1580"]
[BlackElo "1290"]
[PlyCount "91"]
[EventDate "2021.06.25"]
[EventType "swiss"]
[EventRounds "9"]
[EventCountry "ESP"]
[SourceTitle "CBM 203 Extra"]
[Source "ChessBase"]
[SourceDate "2021.09.30"]
[SourceVersion "1"]
[SourceVersionDate "2021.09.30"]
[SourceQuality "1"]

1. d4 Nf6 2. Nf3 g6 3. c4 Bg7 4. g3 0-0 5. Bg2 d6 6. 0-0 Nbd7 7. Nc3 e5 8. dxe5 Nxe5 9. Nxe5 dxe5 10. Qxd8 Rxd8 11. Bg5 h6 12. Bxf6 Bxf6 13. Nd5 Bg7 14. Nxc7 Rb8 15. Rfd1 Bd7 16. Rac1 Bc6 17. Bxc6 bxc6 18. b3 Bf6 19. Na6 e4 20. Nxb8 Rxb8 21. Rd6 Bg5 22. Rcd1 c5 23. Rc6 Bd8 24. Rxc5 Bb6 25. Re5 f5 26. Rd7 Bc5 27. Rxc5 Rf8 28. Rcc7 Re8 29. Rg7+ Kh8 30. Rh7+ Kg8 31. Rcg7+ Kf8 32. Rh8+ Kxg7 33. Rxe8 g5 34. c5 h5 35. c6 Kf7 36. Ra8 f4 37. c7 fxg3 38. fxg3 Kf6 39. c8Q Ke5 40. Qc7+ Kf5 41. Qe7 Kg4 42. Kg2 a5 43. h3+ Kf5 44. Rf8+ Kg6 45. Qf7+ Kh6 46. Rh8# 1-0

[Event "Llinars del Valles op 1st"]
[Site "Llinars del Valles"]
[Date "2021.06.26"]
[Round "2"]
[White "Romero Kovina, Daniel"]
[Black "Ribera Caro, Joan"]
[Result "1/2-1/2"]
[WhiteElo "1336"]
[BlackElo "1580"]
[PlyCount "93"]
[EventDate "2021.06.25"]
[EventType "swiss"]
[EventRounds "9"]
[EventCountry "ESP"]
[SourceTitle "CBM 203 Extra"]
[Source "ChessBase"]
[SourceDate "2021.09.30"]
[SourceVersion "1"]
[SourceVersionDate "2021.09.30"]
[SourceQuality "1"]

1. e4 c5 2. Nf3 g6 3. d4 cxd4 4. Nxd4 Bg7 5. Nc3 Nc6 6. Be3 Nf6 7. f3 0-0 8. Bc4 Qb6 9. Bb3 Nxe4 10. Nd5 Qa5+ 11. c3 Nc5 12. Nxc6 dxc6 13. Nxe7+ Kh8 14. Nxc8 Raxc8 15. 0-0 Rcd8 16. Qc2 Rfe8 17. Bf2 Rd7 18. Bc4 Ne6 19. Rad1 Rde7 20. b4 Qa3 21. Bb3 Nf4 22. Rfe1 Re2 23. Rxe2 Nxe2+ 24. Kh1 Nxc3 25. Bxf7 Nxd1 26. Bxe8 Nxf2+ 27. Qxf2 Qxb4 28. g3 c5 29. Bf7 Qb1+ 30. Kg2 Qb2 31. Qxb2 Bxb2 32. Bc4 Kg7 33. a4 Kf6 34. f4 g5 35. Kf3 Bc1 36. Ke4 gxf4 37. gxf4 Ba3 38. Bd5 b6 39. Bc4 h6 40. Bb3 a6 41. Bc4 a5 42. Bb3 Bb2 43. Bc4 Bd4 44. Bd3 Bg1 45. h3 Bd4 46. Be2 Bb2 47. Bd3 1/2-1/2